Polskie zespoły piłkarskie w rankingu klubowym UEFA - Statystyki

Ogólne statystyki
  • Ten quiz został rozwiązany 91 razy
  • Średni wynik to 7 z 8
Statystyki odpowiedzi
Pozycja Klub Punkty % Poprawnych
96. Lech Poznań 16.000
100%
66. Legia Warszawa 28.500
100%
113. Jagiellonia Białystok 14.000
99%
172. Raków Częstochowa 8.000
97%
211. Pogoń Szczecin 5.000
92%
209. Wisła Kraków 2.500
91%
210. Śląsk Wrocław 4.000
84%
212. KS Lechia Gdańsk 1.500
71%
Nie znaleziono quizów pasujących do podanych kryteriów
Rozkład punktacji
Procent ludzi z każdym wynikiem
Percentyl według liczby udzielonych odpowiedzi
Twoja historia wyników
Nie rozwiązałeś tego quizu